Propuesta de un sistema web RPANIC de control y administración inmobiliaria de propiedades residenciales/comerciales en la Empresa Real Property Associates S.A. en Nicaragua
Presenta una propuesta de sistema web para una inmobiliaria que contenga la información de todo el análisis y diseño que hace posible el producto de un sistema web para administración de propiedades.
| Main Author: | |
|---|---|
| Other Authors: | |
| Format: | Tesis Section = Libro |
| Language: | Undetermined Spanish |
| Published: |
Managua
UNI
2019
|
| Subjects: |
| LEADER | 01103nam a2200253Ia 4500 | ||
|---|---|---|---|
| 008 | 240830s9999 xx 000 0 und d | ||
| 040 | |a BIBLIOTECA-RUSB/ Mon 025.04 T693 | ||
| 041 | |a spa | ||
| 082 | |a Mon 025.04 T693 | ||
| 100 | 1 | |a Torres Moreno, Emanuel Isaías | |
| 245 | 1 | 0 | |a Propuesta de un sistema web RPANIC de control y administración inmobiliaria de propiedades residenciales/comerciales en la Empresa Real Property Associates S.A. en Nicaragua |
| 260 | |a Managua |b UNI |c 2019 | ||
| 300 | |a 65 p. :il. | ||
| 500 | |a Contiene: anexos, glosario y CD. | ||
| 502 | |a Tesis (Ingeniero en Computación) - UNI, 2019. | ||
| 520 | 3 | |a Presenta una propuesta de sistema web para una inmobiliaria que contenga la información de todo el análisis y diseño que hace posible el producto de un sistema web para administración de propiedades. | |
| 650 | 7 | |a SISTEMA WEB | |
| 650 | 7 | |b CONTROL Y ADMINISTRACION INMOBILIARIA | |
| 650 | 7 | |c PROCESO DE VENTAS | |
| 650 | 7 | |d LENGUAJES DE PROGRAMACION | |
| 700 | 1 | |a Tutor: |b Silva Lizano, Grevin Alexander | |
| 942 | |c BK |2 ddc | ||
| 991 | |a TESIS | ||
| 999 | |c 19873 | ||